000
002840000a22000970004500
100
1
_a
Rice, Craig
245
1
0
_a
Training disciples : Making "Timothys" in Latin America
300
_a
Vol. 79, Num. 1 (Enero-Marzo, 1999), Páginas 13-14
773
0
_t
Latin America Evangelist
942
_c
ANA
999
_c
55169
_d
55169